000 00873cam a22002891 4500
001 sa 66000938
003 DLC
005 20260227112218.0
008 900208m19641968ii c b 000 0 sano
010 _asa 66000938
035 _a(OCoLC)21021568
040 _aDLC
_cWaU
_dDLC
041 0 _asanhin
042 _apremarc
050 0 0 _aPK511 1964
100 0 _aPāṇini.
245 1 0 _aAṣṭādhyāyī-bhāṣya-prathamāvr̥tti.
260 _c1964-68.
300 _a3 v.
_bport.
_c22 cm.
440 0 _aRāmalāla Kapūra Ṭrasṭa granthamālā,
_vnaṃ. 32
500 _aCompleted by Yudhishthir Mimamsak.
500 _aSanskrit and Hindi; introductory matter in Hindi.
504 _aBibliographical footnotes.
650 0 _aSanskrit language
_xGrammar.
700 1 _aJijnasu, Brahmadatta,
_d1892-1964.
700 0 _aYudhiṣṭhira Mīmāṃsaka,
_d1909-
999 _c67522
_d67522